| 000 | 00635nam a2200181 4500 | ||
|---|---|---|---|
| 001 | 113200 | ||
| 003 | ES-MaACL | ||
| 005 | 20230906185808.0 | ||
| 007 | t| | ||
| 008 | 061121s1982 sp r ||||1| spa d | ||
| 100 | 1 |
_aNúñez Romero-Balmas, Gregorio. _986222 |
|
| 245 | 1 | 3 |
_aLa economía política en el pensamiento de los reformadores españoles _b: (1854-1868) : resumen de tesis doctoral / _cGregorio Núñez Romero-Balmas. |
| 260 |
_aGranada : _bUniversidad, _c1982. |
||
| 300 |
_a27 p. ; _c25 cm. |
||
| 502 | _aResumen de tesis doctoral. | ||
| 710 | 2 |
_aUniversidad de Granada. _97176 |
|
| 852 |
_aES-MaACL _j2135-F-13 _bR.108102 |
||
| 999 |
_c113200 _d113200 |
||